01120nam a22002417a 4500003000400000005001700004008004100021020001800062040002500080082001600105100004500121245010600166260005700272300002000329590002700349700003700376910001400413942001400427952013600441952014200577952014200719999001700861OSt20220412095006.0110301s202u dr 000 0 spa d a9789945922936 aDO-SdBNPbspacBNPHU axxxxbA159r1 aAbrahan Mercado, Francisco Javier95301810aReflexiones en tiempos difíciles /cFrancisco Javier Abrahan Mercado ; prólogo Grecia Espinal M.  aSanto Domingo :bNuevas Tierras Ediciones. c[202-]. a82 p. :c22 cm. aInventariado, 2022/ YL12aEspinal M., Greciaeprol.981455 aYLockward 2ddccLBS1 00102ddc53708PDaBNPHUbBNPHUcCTd2022-02-11eNuevas Tierras Edicionesl0oxxxx A159rp2022-1352r2022-04-12w2022-04-12yLBS1 00102ddc53708PDaBNPHUbBNPHUcCTd2022-02-11eNuevas Tierras Edicionesl0oxxxx A159rp2022-1353r2022-04-12te. 2w2022-04-12yLBS1 00102ddc56708PDaBNPHUbBNPHUcCTd2022-02-11eNuevas Tierras Edicionesl0oxxxx A159rp2022-1354r2022-04-12te. 3w2022-04-12yLBS1 c51525d51525